| 000 | 01852naa2a2200277 4500 | ||
|---|---|---|---|
| 001 | RU\NLR\BIBL_A\011765715 | ||
| 005 | 20260406075448.0 | ||
| 035 | _a(NLR Aleph) 011765715 | ||
| 090 |
_a11700372 _c11700372 |
||
| 100 | _a20180808j182001 m||y0rusy50 ca | ||
| 101 | 0 | _arus | |
| 102 | _aRU | ||
| 105 | _ay n 000yy | ||
| 200 | 1 | _aШтат Архангельскаго коммерческаго суда. | |
| 304 | _aПеред текстом: На подлинном написано собственною его императорскаго величества рукою тако: Быть по сему. Александрю С.Петербург 22 генваря 1820. | ||
| 304 | _aПосле текста: подписал: министр юстиции генерал князь Лобанов-Ростовский. | ||
| 463 | 0 |
_1001RU\NLR\BIBL_A\011765710 _12001#$aУказ его императорскаго величества самодержца всероссийскаго,$e[Об учреждении в Архангельске коммерческого суда]$vС.[3] _1200##$a[Б.м.$dфевр. 1820] _911700345 _aРоссия (1801-1825; Александр I). Император _c[Б.м. _dфевр. 1820] _fиз Правительствующаго Сената _o[Об учреждении в Архангельске коммерческого суда] _p[4] с. _tУказ его императорскаго величества самодержца всероссийскаго, |
|
| 702 | 1 |
_4570 _7ca _8rus _aЛобанов-Ростовский _bД. И. _f1758-1838 _gДмитрий Иванович _3RU\NLR\AUTH\770170960 _9170910 |
|
| 852 |
_aNLR _j18.89.1.1-5-58 |
||
| 852 |
_aNLR _j17.155.1.44-58 |
||
| 942 | _cBOOK | ||
| 980 | _aA1XVIIIv | ||
| 980 | _aA1UKAZ | ||